000 01028nam a22002175i 4500
001 167331
003 ES-MaACL
005 20250818063113.0
008 010503s1855 fr |||| | fre d
040 _aCCPB | B
_bspa
_cCCPB | B
100 1 _aVerneuil, Édouard de,
_d1805-1873
_9114176
245 1 0 _aNote sur les progrès de la Géologie en Espagne
_b: pendant l'année 1854 /
_cpar M. de Veneuil et MM. Collomb et De Lorière.
260 _aCaen :
_b[s.n.],
_c1855 (
_fTyp. de A. Hardel)
300 _a18 p. ;
_c18 cm.
500 _aExtrait de L'Annuaire de l'Institut des provinces pour 1855.
650 0 7 _aGeología
_2embne
_913086
700 0 _aCollomb, Edouard.
_939750
700 1 _aLorière, Gustav de.
_974210
852 _aES-MaACL
_jB-8308(1)
_z-- Enc. tela plastificada, conservando la cub. original
_z-- Legado de Federico de Botella y de Hornos
999 _c167331
_d167331